000 002760000a22000970004500
100 1 _aMüller, Hans-Peter
245 1 0 _aAfrikanische parallelen zu Genesis 3 und verwandten
300 _aVol. 49, Num. 1 (Enero, 1999), Páginas 88-108
773 0 _tVetus Testamentum
942 _cANA
999 _c58256
_d58256